000 00852nam a2200229Ia 4500
001 3272
003 GE_BSU
008 181216s||||||||xx |||||||||||||| ||und||
040 _cGE_BSU
080 _a656.13+657
100 _aСавицкий,Б.П. Подольский,В.И. Путинцева,В.С.
245 _aМеханизация и централизация учета в грузовых автотранспортных предприятиях.
245 _bУчевное пособие.
245 _cРед. А.П.Седова.
260 _aМ.
260 _bТранспорт.
260 _c1973.
300 _a408 стр. 21 см.
541 _h10 л.
653 _aМеханизация и централизация учета в газовых автотранспортных предприятиях.
942 _cBK
999 _c37313
_d37313